Paulys Realencyclopadie der Classischen Altertumswissenschaft

Uloženo v:
Podrobná bibliografie
Hlavní autor: Wissowa, Georg (Autor)
Médium: Kniha
Jazyk:němčina
Vydáno: Stuttgart J. B. Metzler 1995
Vydání:1a. ed
Témata:
Tagy: Přidat tag
Žádné tagy, Buďte první, kdo vytvoří štítek k tomuto záznamu!

MARC

LEADER 00000cam a2200000 a 4500
001 UCC1187
003 CL-VaPUC
008 171006e19950000gw |||||||||||||||||ger|d
082 0 4 |a 036  |b WIS  |2 21 
100 0 |a Wissowa, Georg  |e author  |9 595230 
245 1 0 |a Paulys Realencyclopadie der Classischen Altertumswissenschaft 
250 |a 1a. ed 
300 |a v 
942 |c BK 
945 |d 20171006 11:09:00  |a dcastane 
260 |a Stuttgart  |b J. B. Metzler  |c 1995 
500 |a v1 p1: Aal-Alexandros 
500 |a v.1 p2: Alexandros-Apollokrates 
500 |a v.2 p1: Apollon-Artemis 
500 |a v.2 p.2: Artemisia-Barbaroi 
500 |a v.3 p.1: Barbarus-Campanus 
500 |a v.4 p.1: Claudius- Cornificius 
500 |a v.4 p.2: Corniscar-Demodoros 
500 |a v.5 p.1: Demogenes-Donatianus 
500 |a v.5 p.2: Donatio-Ephordi 
500 |a v.6 p.1: Ephoros-Eutychos 
500 |a v.6 p.2: Euxantios-Fornaces 
500 |a v.7 p.1: Fornax-Glykon 
500 |a v.7 p.2: Glykyrrhiza-Helikeia 
500 |a v.8 p.1: Helikon-Hestia 
500 |a v.8 p.2: Hestiaia-Hyagnis 
500 |a v.9 p.1: Hyaia-Imperator 
500 |a v.10. 1: Iugurtha-Ius-Latii 
500 |a v.10 p.2: Ius Liberorum-Katochos 
500 |a v.11 p.1: Katoikoi-Komodie 
500 |a v.11 p.2: Komogrammateus-Kynegoi 
500 |a v.12 p.1: Kynesioi-Legio 
500 |a v.12 p.2: Legio-Libanon 
500 |a v.13 p.1: Libanos-Lokris 
500 |a v.13 p.2: Lokroi-Lysimachides 
500 |a v.14 p.1: Lysimachos-Mantike 
500 |a v.14 p.2: Mantikles-Mazaion 
500 |a v.15 p.1: Mazaios-Mesyros 
500 |a v.15 p.2: Met-Molaris Lapis 
500 |a v.16 p.1: Molatzes-Myssi 
500 |a v.16 p.2: Mystagogos-Nereae 
500 |a v.17 p.1: Nereiden-Numantia 
500 |a v.17 p.2: Numen-Olympia 
500 |a v.18 p.1: Olympia-Orpheus 
500 |a v.18 p.2: Orph.Digyung-Palatini 
500 |a v.18 p.3: Palatinus-Paranatellonta 
500 |a v.18 p.4: Paranomon-Pax 
500 |a v.19 p.2: Petros-Philon 
500 |a v.20 p.1: Philon-Pignus 
500 |a v.20 p.2: Pigranes-Plautinus 
500 |a v.21 p.1: Plautius-Polemokrates 
500 |a v.21 p.2: Polemon-Pontanene 
500 |a v.22 p.1: Pontarches-Praefectianus 
500 |a v.23 p.1: Priscilla-Psalychiadai 
500 |a v.23 p.2: Psamatee-Pyramiden Mit Register 
500 |a v.24: Pyramos-Quosenus 
500 |a v.1A p.1: Ra-Ryton 
500 |a v.1A p.2: Saale-Sarmathon 
500 |a v.2A p.1: Sarmatia-Selinos 
500 |a v.2A p.2: Selinuntia-Sila 
500 |a v.3A p.1: Silacenis-Sparsus 
500 |a v.3A p.2: Sparta-Stluppi 
500 |a v.4A p.1: Stoa-Symposion 
500 |a v.4A p.2: Symposion-Tauris 
500 |a v.5A p.1: Tauricis-Thapsis 
500 |a v.5A p.2: Trapsos-Tresara 
500 |a v.6A p.1: Thesauros-Timomachos 
500 |a v.6A p.2: Timon-Tribus 
500 |a v.7A p.1: Tributum-Tullius 
500 |a v.7A p.2: Tullius-Valerius 
500 |a v.8A p.1: Valerius-Vergilius 
500 |a v.8A p.2: Vergilius-Vindeleia 
500 |a v.9A p.1: Vindelici-Vulca 
500 |a v.9A p.2: Vulcanius-Xenius 
500 |a v.10A: Zenobia-Zythos 
500 |a Sup.3: Aachen-Ad Juglandem 
500 |a Sup.4: Abacus-Ledon 
500 |a Sup.5: Agamemnon-Statilius 
500 |a Sup.6: Abretten-Thunudromon 
500 |a Sup.8: Achaios-Valerius 
500 |a Sup.9: Acilius-Utis 
500 |a Sup.11: Abragila-Zengisa 
500 |a Sup.12: Abdigildus-Thukydides 
500 |a Sup13: Africa-Viae Publicae Romanae 
500 |a Sup.14: Aelius-Zone 
500 |a Sup.15: Acilius-Zoilos 
500 |a v.9 p.2: Imperium-Iugum 
500 |a v.19 p.1: Pech-Petronius 
500 |a Sup.10: Accaus-Uttiedius 
500 |a v.22 p.2: Praefectura-Priscianus 
500 |a Sup.7: Adobagiona-Triakadieis mit nachtragen 
650 0 |a Enciclopedias  |9 264135 
650 0 |a Diccionarios  |9 256200 
583 |a last modification  |c 20171006 11:09:00  |k Rodrigo Vera 
999 |c 369757  |d 369755 
952 |0 0  |1 0  |3 erd  |4 0  |6 036_000000000000000_WIS_1995  |7 0  |8 F  |9 485751  |a BIBDER  |b BIBDER  |h v.1 p.1  |i 5428084  |o 036 WIS 1995  |p 5428084  |r 2023-01-25  |w 2019-11-24  |y BK_F  |z Catalogado en:20171006  |k DER 
952 |0 0  |1 0  |3 erd  |4 0  |6 036_000000000000000_WIS_1995  |7 0  |8 F  |9 485752  |a BIBDER  |b BIBDER  |h v.1 p.2  |i 5428092  |o 036 WIS 1995  |p 5428092  |r 2023-01-25  |w 2019-11-24  |y BK_F  |z Catalogado en:20171006  |k DER 
952 |0 0  |1 0  |3 erd  |4 0  |6 036_000000000000000_WIS_1995  |7 0  |8 F  |9 485753  |a BIBDER  |b BIBDER  |h v.2 p.1  |i 5428122  |o 036 WIS 1995  |p 5428122  |r 2023-01-25  |w 2019-11-24  |y BK_F  |z Catalogado en:20171006  |k DER 
952 |0 0  |1 0  |3 erd  |4 0  |6 036_000000000000000_WIS_1995  |7 0  |8 F  |9 485754  |a BIBDER  |b BIBDER  |h v.2 p.2  |i 5428130  |o 036 WIS 1995  |p 5428130  |r 2023-01-25  |w 2019-11-24  |y BK_F  |z Catalogado en:20171006  |k DER 
952 |0 0  |1 0  |3 erd  |4 0  |6 036_000000000000000_WIS_1995  |7 0  |8 F  |9 485755  |a BIBDER  |b BIBDER  |h v.3 p.1  |i 5428165  |o 036 WIS 1995  |p 5428165  |r 2023-01-25  |w 2019-11-24  |y BK_F  |z Catalogado en:20171006  |k DER 
952 |0 0  |1 0  |3 erd  |4 0  |6 036_000000000000000_WIS_1995  |7 0  |8 F  |9 485756  |a BIBDER  |b BIBDER  |h v.3 p.2  |i 5428173  |o 036 WIS 1995  |p 5428173  |r 2023-01-25  |w 2019-11-24  |y BK_F  |z Catalogado en:20171006  |k DER 
952 |0 0  |1 0  |3 erd  |4 0  |6 036_000000000000000_WIS_1995  |7 0  |8 F  |9 485757  |a BIBDER  |b BIBDER  |h v.4 p.1  |i 5428203  |o 036 WIS 1995  |p 5428203  |r 2023-01-25  |w 2019-11-24  |y BK_F  |z Catalogado en:20171006  |k DER 
952 |0 0  |1 0  |3 erd  |4 0  |6 036_000000000000000_WIS_1995  |7 0  |8 F  |9 485758  |a BIBDER  |b BIBDER  |h v.4 p.2  |i 5428211  |o 036 WIS 1995  |p 5428211  |r 2023-01-25  |w 2019-11-24  |y BK_F  |z Catalogado en:20171006  |k DER 
952 |0 0  |1 0  |3 erd  |4 0  |6 036_000000000000000_WIS_1995  |7 0  |8 F  |9 485759  |a BIBDER  |b BIBDER  |h v.5 p.1  |i 5428246  |o 036 WIS 1995  |p 5428246  |r 2023-01-25  |w 2019-11-24  |y BK_F  |z Catalogado en:20171006  |k DER 
952 |0 0  |1 0  |3 erd  |4 0  |6 036_000000000000000_WIS_1995  |7 0  |8 F  |9 485760  |a BIBDER  |b BIBDER  |h v.5 p.2  |i 5428254  |o 036 WIS 1995  |p 5428254  |r 2023-01-25  |w 2019-11-24  |y BK_F  |z Catalogado en:20171006  |k DER 
952 |0 0  |1 0  |3 erd  |4 0  |6 036_000000000000000_WIS_1995  |7 0  |8 F  |9 485761  |a BIBDER  |b BIBDER  |h v.6 p.1  |i 5428289  |o 036 WIS 1995  |p 5428289  |r 2023-01-25  |w 2019-11-24  |y BK_F  |z Catalogado en:20171006  |k DER 
952 |0 0  |1 0  |3 erd  |4 0  |6 036_000000000000000_WIS_1995  |7 0  |8 F  |9 485762  |a BIBDER  |b BIBDER  |h v.6 p.2  |i 5428297  |o 036 WIS 1995  |p 5428297  |r 2023-01-25  |w 2019-11-24  |y BK_F  |z Catalogado en:20171006  |k DER 
952 |0 0  |1 0  |3 erd  |4 0  |6 036_000000000000000_WIS_1995  |7 0  |8 F  |9 485763  |a BIBDER  |b BIBDER  |h v.7 p.1  |i 5428327  |o 036 WIS 1995  |p 5428327  |r 2023-01-25  |w 2019-11-24  |y BK_F  |z Catalogado en:20171006  |k DER 
952 |0 0  |1 0  |3 erd  |4 0  |6 036_000000000000000_WIS_1995  |7 0  |8 F  |9 485764  |a BIBDER  |b BIBDER  |h v.7 p.2  |i 5428335  |o 036 WIS 1995  |p 5428335  |r 2023-01-25  |w 2019-11-24  |y BK_F  |z Catalogado en:20171006  |k DER 
952 |0 0  |1 0  |3 erd  |4 0  |6 036_000000000000000_WIS_1995  |7 0  |8 F  |9 485765  |a BIBDER  |b BIBDER  |h v.8 p.1  |i 542836K  |o 036 WIS 1995  |p 542836K  |r 2023-01-25  |w 2019-11-24  |y BK_F  |z Catalogado en:20171006  |k DER 
952 |0 0  |1 0  |3 erd  |4 0  |6 036_000000000000000_WIS_1995  |7 0  |8 F  |9 485766  |a BIBDER  |b BIBDER  |h v.8 p.2  |i 5428378  |o 036 WIS 1995  |p 5428378  |r 2023-01-25  |w 2019-11-24  |y BK_F  |z Catalogado en:20171006  |k DER 
952 |0 0  |1 0  |3 erd  |4 0  |6 036_000000000000000_WIS_1995  |7 0  |8 F  |9 485767  |a BIBDER  |b BIBDER  |h v.9 p.1  |i 5428416  |o 036 WIS 1995  |p 5428416  |r 2023-01-25  |w 2019-11-24  |y BK_F  |z Catalogado en:20171006  |k DER 
952 |0 0  |1 0  |3 erd  |4 0  |6 036_000000000000000_WIS_1995  |7 0  |8 F  |9 485768  |a BIBDER  |b BIBDER  |h v.10 p.1  |i 5428459  |o 036 WIS 1995  |p 5428459  |r 2023-01-25  |w 2019-11-24  |y BK_F  |z Catalogado en:20171006  |k DER 
952 |0 0  |1 0  |3 erd  |4 0  |6 036_000000000000000_WIS_1995  |7 0  |8 F  |9 485769  |a BIBDER  |b BIBDER  |h v.10 p.2  |i 5428467  |o 036 WIS 1995  |p 5428467  |r 2023-01-25  |w 2019-11-24  |y BK_F  |z Catalogado en:20171006  |k DER 
952 |0 0  |1 0  |3 erd  |4 0  |6 036_000000000000000_WIS_1995  |7 0  |8 F  |9 485770  |a BIBDER  |b BIBDER  |h v.11 p.1  |i 5428483  |o 036 WIS 1995  |p 5428483  |r 2023-01-25  |w 2019-11-24  |y BK_F  |z Catalogado en:20171006  |k DER 
952 |0 0  |1 0  |3 erd  |4 0  |6 036_000000000000000_WIS_1995  |7 0  |8 F  |9 485771  |a BIBDER  |b BIBDER  |h v.11 p.2  |i 5428491  |o 036 WIS 1995  |p 5428491  |r 2023-01-25  |w 2019-11-24  |y BK_F  |z Catalogado en:20171006  |k DER 
952 |0 0  |1 0  |3 erd  |4 0  |6 036_000000000000000_WIS_1995  |7 0  |8 F  |9 485772  |a BIBDER  |b BIBDER  |h v.12 p.1  |i 5428505  |o 036 WIS 1995  |p 5428505  |r 2023-01-25  |w 2019-11-24  |y BK_F  |z Catalogado en:20171006  |k DER 
952 |0 0  |1 0  |3 erd  |4 0  |6 036_000000000000000_WIS_1995  |7 0  |8 F  |9 485773  |a BIBDER  |b BIBDER  |h v.12 p.2  |i 5428513  |o 036 WIS 1995  |p 5428513  |r 2023-01-25  |w 2019-11-24  |y BK_F  |z Catalogado en:20171006  |k DER 
952 |0 0  |1 0  |3 erd  |4 0  |6 036_000000000000000_WIS_1995  |7 0  |8 F  |9 485774  |a BIBDER  |b BIBDER  |h v.13 p.1  |i 542853K  |o 036 WIS 1995  |p 542853K  |r 2023-01-25  |w 2019-11-24  |y BK_F  |z Catalogado en:20171006  |k DER 
952 |0 0  |1 0  |3 erd  |4 0  |6 036_000000000000000_WIS_1995  |7 0  |8 F  |9 485775  |a BIBDER  |b BIBDER  |h v.13 p.2  |i 5428548  |o 036 WIS 1995  |p 5428548  |r 2023-01-25  |w 2019-11-24  |y BK_F  |z Catalogado en:20171006  |k DER 
952 |0 0  |1 0  |3 erd  |4 0  |6 036_000000000000000_WIS_1995  |7 0  |8 F  |9 485776  |a BIBDER  |b BIBDER  |h v.14 p.1  |i 5428556  |o 036 WIS 1995  |p 5428556  |r 2023-01-25  |w 2019-11-24  |y BK_F  |z Catalogado en:20171006  |k DER 
952 |0 0  |1 0  |3 erd  |4 0  |6 036_000000000000000_WIS_1995  |7 0  |8 F  |9 485777  |a BIBDER  |b BIBDER  |h v.14 p.2  |i 5428564  |o 036 WIS 1995  |p 5428564  |r 2023-01-25  |w 2019-11-24  |y BK_F  |z Catalogado en:20171006  |k DER 
952 |0 0  |1 0  |3 erd  |4 0  |6 036_000000000000000_WIS_1995  |7 0  |8 F  |9 485778  |a BIBDER  |b BIBDER  |h v.15 p.1  |i 5428572  |o 036 WIS 1995  |p 5428572  |r 2023-01-25  |w 2019-11-24  |y BK_F  |z Catalogado en:20171006  |k DER 
952 |0 0  |1 0  |3 erd  |4 0  |6 036_000000000000000_WIS_1995  |7 0  |8 F  |9 485779  |a BIBDER  |b BIBDER  |h v.15 p.2  |i 5428580  |o 036 WIS 1995  |p 5428580  |r 2023-01-25  |w 2019-11-24  |y BK_F  |z Catalogado en:20171006  |k DER 
952 |0 0  |1 0  |3 erd  |4 0  |6 036_000000000000000_WIS_1995  |7 0  |8 F  |9 485780  |a BIBDER  |b BIBDER  |h v.16 p.1  |i 5428599  |o 036 WIS 1995  |p 5428599  |r 2023-01-25  |w 2019-11-24  |y BK_F  |z Catalogado en:20171006  |k DER 
952 |0 0  |1 0  |3 erd  |4 0  |6 036_000000000000000_WIS_1995  |7 0  |8 F  |9 485781  |a BIBDER  |b BIBDER  |h v.16 p.2  |i 5428602  |o 036 WIS 1995  |p 5428602  |r 2023-01-25  |w 2019-11-24  |y BK_F  |z Catalogado en:20171006  |k DER 
952 |0 0  |1 0  |3 erd  |4 0  |6 036_000000000000000_WIS_1995  |7 0  |8 F  |9 485782  |a BIBDER  |b BIBDER  |h v.17 p.1  |i 5428610  |o 036 WIS 1995  |p 5428610  |r 2023-01-25  |w 2019-11-24  |y BK_F  |z Catalogado en:20171006  |k DER 
952 |0 0  |1 0  |3 erd  |4 0  |6 036_000000000000000_WIS_1995  |7 0  |8 F  |9 485783  |a BIBDER  |b BIBDER  |h v.17 p.2  |i 5428629  |o 036 WIS 1995  |p 5428629  |r 2023-01-25  |w 2019-11-24  |y BK_F  |z Catalogado en:20171006  |k DER 
952 |0 0  |1 0  |3 erd  |4 0  |6 036_000000000000000_WIS_1995  |7 0  |8 F  |9 485784  |a BIBDER  |b BIBDER  |h v.18 p.1  |i 5428637  |o 036 WIS 1995  |p 5428637  |r 2023-01-25  |w 2019-11-24  |y BK_F  |z Catalogado en:20171006  |k DER 
952 |0 0  |1 0  |3 erd  |4 0  |6 036_000000000000000_WIS_1995  |7 0  |8 F  |9 485785  |a BIBDER  |b BIBDER  |h v.18 p.2  |i 5428645  |o 036 WIS 1995  |p 5428645  |r 2023-01-25  |w 2019-11-24  |y BK_F  |z Catalogado en:20171006  |k DER 
952 |0 0  |1 0  |3 erd  |4 0  |6 036_000000000000000_WIS_1995  |7 0  |8 F  |9 485786  |a BIBDER  |b BIBDER  |h v.18 p.3  |i 5428653  |o 036 WIS 1995  |p 5428653  |r 2023-01-25  |w 2019-11-24  |y BK_F  |z Catalogado en:20171006  |k DER 
952 |0 0  |1 0  |3 erd  |4 0  |6 036_000000000000000_WIS_1995  |7 0  |8 F  |9 485787  |a BIBDER  |b BIBDER  |h v.18 p.4  |i 5428661  |o 036 WIS 1995  |p 5428661  |r 2023-01-25  |w 2019-11-24  |y BK_F  |z Catalogado en:20171006  |k DER 
952 |0 0  |1 0  |3 erd  |4 0  |6 036_000000000000000_WIS_1995  |7 0  |8 F  |9 485788  |a BIBDER  |b BIBDER  |h v.19 p.2  |i 542867K  |o 036 WIS 1995  |p 542867K  |r 2023-01-25  |w 2019-11-24  |y BK_F  |z Catalogado en:20171006  |k DER 
952 |0 0  |1 0  |3 erd  |4 0  |6 036_000000000000000_WIS_1995  |7 0  |8 F  |9 485789  |a BIBDER  |b BIBDER  |h v.20 p.1  |i 5428688  |o 036 WIS 1995  |p 5428688  |r 2023-01-25  |w 2019-11-24  |y BK_F  |z Catalogado en:20171006  |k DER 
952 |0 0  |1 0  |3 erd  |4 0  |6 036_000000000000000_WIS_1995  |7 0  |8 F  |9 485790  |a BIBDER  |b BIBDER  |h v.20 p.2  |i 5428696  |o 036 WIS 1995  |p 5428696  |r 2023-01-25  |w 2019-11-24  |y BK_F  |z Catalogado en:20171006  |k DER 
952 |0 0  |1 0  |3 erd  |4 0  |6 036_000000000000000_WIS_1995  |7 0  |8 F  |9 485791  |a BIBDER  |b BIBDER  |h v.21 p.1  |i 542870K  |o 036 WIS 1995  |p 542870K  |r 2023-01-25  |w 2019-11-24  |y BK_F  |z Catalogado en:20171006  |k DER 
952 |0 0  |1 0  |3 erd  |4 0  |6 036_000000000000000_WIS_1995  |7 0  |8 F  |9 485792  |a BIBDER  |b BIBDER  |h v.21 p.2  |i 5428718  |o 036 WIS 1995  |p 5428718  |r 2023-01-25  |w 2019-11-24  |y BK_F  |z Catalogado en:20171006  |k DER 
952 |0 0  |1 0  |3 erd  |4 0  |6 036_000000000000000_WIS_1995  |7 0  |8 F  |9 485793  |a BIBDER  |b BIBDER  |h v.22 p.1  |i 5428726  |o 036 WIS 1995  |p 5428726  |r 2023-01-25  |w 2019-11-24  |y BK_F  |z Catalogado en:20171006  |k DER 
952 |0 0  |1 0  |3 erd  |4 0  |6 036_000000000000000_WIS_1995  |7 0  |8 F  |9 485794  |a BIBDER  |b BIBDER  |h v.23 p.1  |i 5428734  |o 036 WIS 1995  |p 5428734  |r 2023-01-25  |w 2019-11-24  |y BK_F  |z Catalogado en:20171006  |k DER 
952 |0 0  |1 0  |3 erd  |4 0  |6 036_000000000000000_WIS_1995  |7 0  |8 F  |9 485795  |a BIBDER  |b BIBDER  |h v.23 p.2  |i 5428742  |o 036 WIS 1995  |p 5428742  |r 2023-01-25  |w 2019-11-24  |y BK_F  |z Catalogado en:20171006  |k DER 
952 |0 0  |1 0  |3 erd  |4 0  |6 036_000000000000000_WIS_1995  |7 0  |8 F  |9 485796  |a BIBDER  |b BIBDER  |h v.24  |i 5428750  |o 036 WIS 1995  |p 5428750  |r 2023-01-25  |w 2019-11-24  |y BK_F  |z Catalogado en:20171006  |k DER 
952 |0 0  |1 0  |3 erd  |4 0  |6 036_000000000000000_WIS_1995  |7 0  |8 F  |9 485797  |a BIBDER  |b BIBDER  |h v.1A p.1  |i 5428106  |o 036 WIS 1995  |p 5428106  |r 2023-01-25  |w 2019-11-24  |y BK_F  |z Catalogado en:20171006  |k DER 
952 |0 0  |1 0  |3 erd  |4 0  |6 036_000000000000000_WIS_1995  |7 0  |8 F  |9 485798  |a BIBDER  |b BIBDER  |h v.1A p.2  |i 5428114  |o 036 WIS 1995  |p 5428114  |r 2023-01-25  |w 2019-11-24  |y BK_F  |z Catalogado en:20171006  |k DER 
952 |0 0  |1 0  |3 erd  |4 0  |6 036_000000000000000_WIS_1995  |7 0  |8 F  |9 485799  |a BIBDER  |b BIBDER  |h v.3A p.1  |i 5428181  |o 036 WIS 1995  |p 5428181  |r 2023-01-25  |w 2019-11-24  |y BK_F  |z Catalogado en:20171006  |k DER 
952 |0 0  |1 0  |3 erd  |4 0  |6 036_000000000000000_WIS_1995  |7 0  |8 F  |9 485800  |a BIBDER  |b BIBDER  |h v.3A p.2  |i 542819K  |o 036 WIS 1995  |p 542819K  |r 2023-01-25  |w 2019-11-24  |y BK_F  |z Catalogado en:20171006  |k DER 
952 |0 0  |1 0  |3 erd  |4 0  |6 036_000000000000000_WIS_1995  |7 0  |8 F  |9 485801  |a BIBDER  |b BIBDER  |h v.4A p.1  |i 542822K  |o 036 WIS 1995  |p 542822K  |r 2023-01-25  |w 2019-11-24  |y BK_F  |z Catalogado en:20171006  |k DER 
952 |0 0  |1 0  |3 erd  |4 0  |6 036_000000000000000_WIS_1995  |7 0  |8 F  |9 485802  |a BIBDER  |b BIBDER  |h v.4A p.2  |i 5428238  |o 036 WIS 1995  |p 5428238  |r 2023-01-25  |w 2019-11-24  |y BK_F  |z Catalogado en:20171006  |k DER 
952 |0 0  |1 0  |3 erd  |4 0  |6 036_000000000000000_WIS_1995  |7 0  |8 F  |9 485803  |a BIBDER  |b BIBDER  |h v.5A p.1  |i 5428262  |o 036 WIS 1995  |p 5428262  |r 2023-01-25  |w 2019-11-24  |y BK_F  |z Catalogado en:20171006  |k DER 
952 |0 0  |1 0  |3 erd  |4 0  |6 036_000000000000000_WIS_1995  |7 0  |8 F  |9 485804  |a BIBDER  |b BIBDER  |h v.5A p.2  |i 5428270  |o 036 WIS 1995  |p 5428270  |r 2023-01-25  |w 2019-11-24  |y BK_F  |z Catalogado en:20171006  |k DER 
952 |0 0  |1 0  |3 erd  |4 0  |6 036_000000000000000_WIS_1995  |7 0  |8 F  |9 485805  |a BIBDER  |b BIBDER  |h v.6A p.1  |i 5428300  |o 036 WIS 1995  |p 5428300  |r 2023-01-25  |w 2019-11-24  |y BK_F  |z Catalogado en:20171006  |k DER 
952 |0 0  |1 0  |3 erd  |4 0  |6 036_000000000000000_WIS_1995  |7 0  |8 F  |9 485806  |a BIBDER  |b BIBDER  |h v.6A p.2  |i 5428319  |o 036 WIS 1995  |p 5428319  |r 2023-01-25  |w 2019-11-24  |y BK_F  |z Catalogado en:20171006  |k DER 
952 |0 0  |1 0  |3 erd  |4 0  |6 036_000000000000000_WIS_1995  |7 0  |8 F  |9 485807  |a BIBDER  |b BIBDER  |h v.7A p.1  |i 5428343  |o 036 WIS 1995  |p 5428343  |r 2023-01-25  |w 2019-11-24  |y BK_F  |z Catalogado en:20171006  |k DER 
952 |0 0  |1 0  |3 erd  |4 0  |6 036_000000000000000_WIS_1995  |7 0  |8 F  |9 485808  |a BIBDER  |b BIBDER  |h v.7A p.2  |i 5428351  |o 036 WIS 1995  |p 5428351  |r 2023-01-25  |w 2019-11-24  |y BK_F  |z Catalogado en:20171006  |k DER 
952 |0 0  |1 0  |3 erd  |4 0  |6 036_000000000000000_WIS_1995  |7 0  |8 F  |9 485809  |a BIBDER  |b BIBDER  |h v.8A p.1  |i 5428386  |o 036 WIS 1995  |p 5428386  |r 2023-01-25  |w 2019-11-24  |y BK_F  |z Catalogado en:20171006  |k DER 
952 |0 0  |1 0  |3 erd  |4 0  |6 036_000000000000000_WIS_1995  |7 0  |8 F  |9 485810  |a BIBDER  |b BIBDER  |h v.8A p.2  |i 5428408  |o 036 WIS 1995  |p 5428408  |r 2023-01-25  |w 2019-11-24  |y BK_F  |z Catalogado en:20171006  |k DER 
952 |0 0  |1 0  |3 erd  |4 0  |6 036_000000000000000_WIS_1995  |7 0  |8 F  |9 485811  |a BIBDER  |b BIBDER  |h v.9A p.1  |i 5428424  |o 036 WIS 1995  |p 5428424  |r 2023-01-25  |w 2019-11-24  |y BK_F  |z Catalogado en:20171006  |k DER 
952 |0 0  |1 0  |3 erd  |4 0  |6 036_000000000000000_WIS_1995  |7 0  |8 F  |9 485812  |a BIBDER  |b BIBDER  |h v.9A p.2  |i 5428432  |o 036 WIS 1995  |p 5428432  |r 2023-01-25  |w 2019-11-24  |y BK_F  |z Catalogado en:20171006  |k DER 
952 |0 0  |1 0  |3 erd  |4 0  |6 036_000000000000000_WIS_1995  |7 0  |8 F  |9 485813  |a BIBDER  |b BIBDER  |h v.10A  |i 5428475  |o 036 WIS 1995  |p 5428475  |r 2023-01-25  |w 2019-11-24  |y BK_F  |z Catalogado en:20171006  |k DER 
952 |0 0  |1 0  |3 erd  |4 0  |6 036_000000000000000_WIS_1995  |7 0  |8 F  |9 485814  |a BIBDER  |b BIBDER  |h Sup.3  |i 5428769  |o 036 WIS 1995  |p 5428769  |r 2023-01-25  |w 2019-11-24  |y BK_F  |z Catalogado en:20171006  |k DER 
952 |0 0  |1 0  |3 erd  |4 0  |6 036_000000000000000_WIS_1995  |7 0  |8 F  |9 485815  |a BIBDER  |b BIBDER  |h Sup.4  |i 5428777  |o 036 WIS 1995  |p 5428777  |r 2023-01-25  |w 2019-11-24  |y BK_F  |z Catalogado en:20171006  |k DER 
952 |0 0  |1 0  |3 erd  |4 0  |6 036_000000000000000_WIS_1995  |7 0  |8 F  |9 485816  |a BIBDER  |b BIBDER  |h Sup.6  |i 5428807  |o 036 WIS 1995  |p 5428807  |r 2023-01-25  |w 2019-11-24  |y BK_F  |z Catalogado en:20171006  |k DER 
952 |0 0  |1 0  |3 erd  |4 0  |6 036_000000000000000_WIS_1995  |7 0  |8 F  |9 485817  |a BIBDER  |b BIBDER  |h Sup.8  |i 5428823  |o 036 WIS 1995  |p 5428823  |r 2023-01-25  |w 2019-11-24  |y BK_F  |z Catalogado en:20171006  |k DER 
952 |0 0  |1 0  |3 erd  |4 0  |6 036_000000000000000_WIS_1995  |7 0  |8 F  |9 485818  |a BIBDER  |b BIBDER  |h Sup.9  |i 5428831  |o 036 WIS 1995  |p 5428831  |r 2023-01-25  |w 2019-11-24  |y BK_F  |z Catalogado en:20171006  |k DER 
952 |0 0  |1 0  |3 erd  |4 0  |6 036_000000000000000_WIS_1995  |7 0  |8 F  |9 485819  |a BIBDER  |b BIBDER  |h Sup.11  |i 5428882  |o 036 WIS 1995  |p 5428882  |r 2023-01-25  |w 2019-11-24  |y BK_F  |z Catalogado en:20171006  |k DER 
952 |0 0  |1 0  |3 erd  |4 0  |6 036_000000000000000_WIS_1995  |7 0  |8 F  |9 485820  |a BIBDER  |b BIBDER  |h Sup.12  |i 542884K  |o 036 WIS 1995  |p 542884K  |r 2023-01-25  |w 2019-11-24  |y BK_F  |z Catalogado en:20171006  |k DER 
952 |0 0  |1 0  |3 erd  |4 0  |6 036_000000000000000_WIS_1995  |7 0  |8 F  |9 485821  |a BIBDER  |b BIBDER  |h Sup.13  |i 5428858  |o 036 WIS 1995  |p 5428858  |r 2023-01-25  |w 2019-11-24  |y BK_F  |z Catalogado en:20171006  |k DER 
952 |0 0  |1 0  |3 erd  |4 0  |6 036_000000000000000_WIS_1995  |7 0  |8 F  |9 485822  |a BIBDER  |b BIBDER  |h Sup.14  |i 5428866  |o 036 WIS 1995  |p 5428866  |r 2023-01-25  |w 2019-11-24  |y BK_F  |z Catalogado en:20171006  |k DER 
952 |0 0  |1 0  |3 erd  |4 0  |6 036_000000000000000_WIS_1995  |7 0  |8 F  |9 485823  |a BIBDER  |b BIBDER  |h Sup.15  |i 5428874  |o 036 WIS 1995  |p 5428874  |r 2023-01-25  |w 2019-11-24  |y BK_F  |z Catalogado en:20171006  |k DER 
952 |0 0  |1 0  |3 erd  |4 0  |6 036_000000000000000_WIS_1995  |7 0  |8 F  |9 485824  |a BIBDER  |b BIBDER  |h Sup.I  |i 5428890  |o 036 WIS 1995  |p 5428890  |r 2023-01-25  |w 2019-11-24  |y BK_F  |z Catalogado en:20171006  |k DER 
952 |0 0  |1 0  |3 erd  |4 0  |6 036_000000000000000_WIS_1995  |7 0  |8 F  |9 485825  |a BIBDER  |b BIBDER  |h Sup.II  |i 5428904  |o 036 WIS 1995  |p 5428904  |r 2023-01-25  |w 2019-11-24  |y BK_F  |z Catalogado en:20171006  |k DER 
952 |0 0  |1 0  |3 erd  |4 0  |6 036_000000000000000_WIS_1995  |7 0  |8 F  |9 485826  |a BIBDER  |b BIBDER  |h Sup.Reg  |i 5428912  |o 036 WIS 1995  |p 5428912  |r 2023-01-25  |w 2019-11-24  |y BK_F  |z Catalogado en:20171006  |k DER 
952 |0 0  |1 0  |3 erd  |4 0  |6 036_000000000000000_WIS_1995  |7 0  |8 F  |9 485827  |a BIBDER  |b BIBDER  |h v.2A p.2  |i 5428157  |o 036 WIS 1995  |p 5428157  |r 2023-01-25  |w 2019-11-24  |y BK_F  |z Catalogado en:20171006  |k DER 
952 |0 0  |1 0  |3 erd  |4 0  |6 036_000000000000000_WIS_1995  |7 0  |8 DER_ROM  |9 485828  |a BIBDER  |b BIBDER  |h v.2A p.1  |i 5428149  |o 036 WIS 1995  |p 5428149  |r 2023-01-25  |w 2019-11-24  |x Ubicación 4to piso  |y BK_F  |z Este recurso debe solicitarse con anticipación  |k DER 
952 |0 0  |1 0  |3 erd  |4 0  |6 036_000000000000000_WIS_1995  |7 0  |8 DER_ROM  |9 485829  |a BIBDER  |b BIBDER  |h Sup.5  |i 5428785  |o 036 WIS 1995  |p 5428785  |r 2023-01-25  |w 2019-11-24  |x Ubicación 4to piso  |y BK_F  |z Este recurso debe solicitarse con anticipación  |k DER 
952 |0 0  |1 0  |3 erd  |4 0  |6 036_000000000000000_WIS_1995  |7 0  |8 DER_ROM  |9 485830  |a BIBDER  |b BIBDER  |h v.9 p.2  |i 5428521  |o 036 WIS 1995  |p 5428521  |r 2023-01-25  |w 2019-11-24  |x Ubicación 4to piso  |y BK_F  |z Este recurso debe solicitarse con anticipación  |k DER 
952 |0 0  |1 0  |3 erd  |4 0  |6 036_000000000000000_WIS_1995  |7 0  |8 DER_ROM  |9 485831  |a BIBDER  |b BIBDER  |h v.19 p.1  |i 5428440  |o 036 WIS 1995  |p 5428440  |r 2023-01-25  |w 2019-11-24  |x Ubicación 4to piso  |y BK_F  |z Este recurso debe solicitarse con anticipación  |k DER 
952 |0 0  |1 0  |3 erd  |4 0  |6 036_000000000000000_WIS_1995  |7 0  |8 DER_ROM  |9 485832  |a BIBDER  |b BIBDER  |h Sup.10  |i 5428394  |o 036 WIS 1995  |p 5428394  |r 2023-01-25  |w 2019-11-24  |x Ubicación 4to piso  |y BK_F  |z Este recurso debe solicitarse con anticipación  |k DER 
952 |0 0  |1 0  |3 erd  |4 0  |6 036_000000000000000_WIS_1995  |7 0  |8 DER_ROM  |9 485833  |a BIBDER  |b BIBDER  |h v.22 p.2  |i 5428815  |o 036 WIS 1995  |p 5428815  |r 2023-01-25  |w 2019-11-24  |x Ubicación 4to piso  |y BK_F  |z Este recurso debe solicitarse con anticipación  |k DER 
952 |0 0  |1 0  |3 erd  |4 0  |6 036_000000000000000_WIS_1995  |7 0  |8 DER_ROM  |9 485834  |a BIBDER  |b BIBDER  |h sup. 7  |i 5428793  |o 036 WIS 1995  |p 5428793  |r 2023-01-25  |w 2019-11-24  |x Ubicación 4to piso  |y BK_F  |z Este recurso debe solicitarse con anticipación  |k DER 
952 |0 0  |1 0  |3 erd  |4 0  |6 036_000000000000000_WIS_1995  |7 0  |8 DER_ROM  |9 485835  |a BIBDER  |b BIBDER  |h v.8A p.2  |i 5467276  |o 036 WIS 1995  |p 5467276  |r 2023-01-25  |w 2019-11-24  |x Ubicación 4to piso  |y BK_F  |z Este recurso debe solicitarse con anticipación  |k DER 
952 |0 0  |1 0  |3 erd  |4 0  |6 036_000000000000000_WIS_1995  |7 0  |8 DER_ROM  |9 485836  |a BIBDER  |b BIBDER  |h v.10 p.1  |i 5467284  |o 036 WIS 1995  |p 5467284  |r 2023-01-25  |w 2019-11-24  |x Ubicación 4to piso  |y BK_F  |z Este recurso debe solicitarse con anticipación  |k DER 
952 |0 0  |1 0  |3 erd  |4 0  |6 036_000000000000000_WIS_1995  |7 0  |8 DER_ROM  |9 485837  |a BIBDER  |b BIBDER  |h v.12 p.2  |i 5467306  |o 036 WIS 1995  |p 5467306  |r 2023-01-25  |w 2019-11-24  |x Ubicación 4to piso  |y BK_F  |z Este recurso debe solicitarse con anticipación  |k DER 
952 |0 0  |1 0  |3 erd  |4 0  |6 036_000000000000000_WIS_1995  |7 0  |8 DER_ROM  |9 485838  |a BIBDER  |b BIBDER  |h v.12 p.2  |i 5467292  |o 036 WIS 1995  |p 5467292  |r 2023-01-25  |w 2019-11-24  |x Ubicación 4to piso  |y BK_F  |z Este recurso debe solicitarse con anticipación  |k DER 
952 |0 0  |1 0  |3 erd  |4 0  |6 036_000000000000000_WIS_1995  |7 0  |8 DER_ROM  |9 485839  |a BIBDER  |b BIBDER  |h Sup. 5  |i 5467330  |o 036 WIS 1995  |p 5467330  |r 2023-01-25  |w 2019-11-24  |x Ubicación 4to piso  |y BK_F  |z Este recurso debe solicitarse con anticipación  |k DER 
952 |0 0  |1 0  |3 erd  |4 0  |6 036_000000000000000_WIS_1995  |7 0  |8 DER_ROM  |9 485840  |a BIBDER  |b BIBDER  |h Sup. 6  |i 5467322  |o 036 WIS 1995  |p 5467322  |r 2023-01-25  |w 2019-11-24  |x Ubicación 4to piso  |y BK_F  |z Este recurso debe solicitarse con anticipación  |k DER 
952 |0 0  |1 0  |3 erd  |4 0  |6 036_000000000000000_WIS_1995  |7 0  |8 DER_ROM  |9 485841  |a BIBDER  |b BIBDER  |h Sup. 6  |i 5467314  |o 036 WIS 1995  |p 5467314  |r 2023-01-25  |w 2019-11-24  |x Ubicación 4to piso  |y BK_F  |z Este recurso debe solicitarse con anticipación  |k DER